000 00985nam a2200289 i 4500
001 16390
003 BD-RjUL
005 20211209000014.0
008 140213r19881978nyu b 000 0 eng
035 _a(BD-RjUL)16445
040 _aDLC
_cDLC
_dDLC
_dBD-RjUL
_beng
041 1 _aengjpn
082 0 0 _a790.20952
_bHOS 1988
_223
100 1 _aHoff, Frank.
_950665
245 1 0 _aSong, dance, storytelling :
_baspects of the performing arts in Japan /
_cFrank Hoff.
260 _aIthaca, N.Y. :
_bChina-Japan Program, Cornell University,
_cc1978 [ Reprinted 1988].
300 _avi, 223 p. ;
_c22 cm.
490 1 _aCornell University East Asia papers ; no. 15
504 _aIncludes bibliographical references.
650 0 _aPerforming arts
_zJapan
_xHistory.
_950666
650 0 _aKagura.
_950667
650 0 _aSongs, Japanese
_zJapan
_xTexts.
_950668
830 0 _vno. 15.
_9167605
830 0 _aCornell University East Asia papers ;
_9167600
942 _2ddc
_cBK
999 _c16390
_d16390